[Event "Monarch Assurance Isle of Man 9th"]
[Site "Port Erin IOM"]
[Date "2000.10.22"]
[Round "9.5"]
[White "Bergstrom, Rolf"]
[Black "Akesson, Ralf"]
[Result "1-0"]
[WhiteElo "2308"]
[BlackElo "2486"]
[PlyCount "74"]
[EventDate "2000.10.14"]
[EventType "swiss"]
[EventRounds "9"]
[EventCountry "IOM"]
[SourceTitle "BritBase"]
[SourceDate "2008.07.14"]
[SourceVersion "1"]
[SourceVersionDate "2008.07.14"]
[SourceQuality "2"]

1. e4 c5 2. Nf3 Nc6 3. Bb5 g6 4. Bxc6 bxc6 5. O-O Bg7 6. Re1 Nh6 7. c3 O-O 8.
d4 cxd4 9. cxd4 d6 10. Nc3 Rb8 11. h3 f6 12. b3 Nf7 13. Bb2 Bb7 14. Rc1 Qa5 15.
Rc2 Qh5 16. Qd3 Qa5 17. Rce2 Rfd8 18. Nd2 Bc8 19. Nc4 Qc7 20. Ne3 Rb6 21. Rc2
Ba6 22. Qd1 Qd7 23. f4 e5 24. fxe5 fxe5 25. d5 c5 26. Bc1 Rb4 27. Rf2 Rd4 28.
Qg4 Qc7 29. Ne2 Bc8 30. Qh4 g5 31. Rxf7 Qxf7 32. Qxg5 Rf8 33. Rf1 Qxf1+ 34.
Nxf1 Rd1 35. Neg3 Ba6 36. Nf5 Rxf1+ 37. Kh2 R8xf5 1-0

[Event "Monarch Assurance Isle of Man 9th"]
[Site "Port Erin IOM"]
[Date "2000.10.22"]
[Round "9.6"]
[White "Plaskett, James"]
[Black "Palliser, Richard"]
[Result "1-0"]
[WhiteElo "2529"]
[BlackElo "2322"]
[PlyCount "65"]
[EventDate "2000.10.14"]
[EventType "swiss"]
[EventRounds "9"]
[EventCountry "IOM"]
[SourceTitle "BritBase"]
[SourceDate "2008.07.14"]
[SourceVersion "1"]
[SourceVersionDate "2008.07.14"]
[SourceQuality "2"]

1. e4 c5 2. Nc3 Nc6 3. Bb5 Nd4 4. Nf3 a6 5. Bc4 e6 6. a4 Nxf3+ 7. Qxf3 d6 8.
O-O Ne7 9. d3 Nc6 10. Qg3 Nd4 11. Be3 g6 12. Bg5 Be7 13. Bh6 Bf8 14. Bxf8 Kxf8
15. f4 f5 16. Rae1 Bd7 17. Kh1 Kf7 18. Qh3 h5 19. Ba2 b5 20. Rf2 h4 21. exf5
gxf5 22. Ne4 fxe4 23. c3 Nf5 24. Qxf5+ Qf6 25. Qxe4 d5 26. Qf3 Raf8 27. f5 Kg7
28. axb5 axb5 29. Qg4+ Kh6 30. Qf4+ Qg5 31. Qd6 Bc8 32. Bxd5 Rxf5 33. Rxe6+ 1-0

[Event "Monarch Assurance Isle of Man 9th"]
[Site "Port Erin IOM"]
[Date "2000.10.22"]
[Round "9.7"]
[White "Gladyszev, Oleg"]
[Black "Kiriakov, Petr"]
[Result "0-1"]
[WhiteElo "2351"]
[BlackElo "2525"]
[PlyCount "96"]
[EventDate "2000.10.14"]
[EventType "swiss"]
[EventRounds "9"]
[EventCountry "IOM"]
[SourceTitle "BritBase"]
[SourceDate "2008.07.14"]
[SourceVersion "1"]
[SourceVersionDate "2008.07.14"]
[SourceQuality "2"]

1. d4 e6 2. c4 Bb4+ 3. Bd2 Qe7 4. g3 Nc6 5. Nf3 Nf6 6. Bg2 Bxd2+ 7. Qxd2 Ne4 8.
Qc2 Qb4+ 9. Nc3 Nxc3 10. Qxc3 Qxc3+ 11. bxc3 d6 12. e3 Na5 13. Nd2 Rb8 14. Rb1
b6 15. c5 dxc5 16. dxc5 Ba6 17. cxb6 axb6 18. Nb3 Ke7 19. Bf1 Bb7 20. Rg1 Nxb3
21. axb3 Ra8 22. Bg2 Bxg2 23. Rxg2 Ra2 24. Kf1 Rd8 25. f4 Rdd2 26. Rxd2 Rxd2
27. h3 h5 28. e4 Rd3 29. Kg2 Rxc3 30. e5 b5 31. b4 g6 32. Rd1 Rc4 33. Rb1 h4
34. Rb3 Kd7 35. Kf3 hxg3 36. Kxg3 c5 37. bxc5 b4 38. Kg4 Kc6 39. Kg5 Kxc5 40.
h4 Kb5 41. Rb1 Rc7 42. f5 exf5 43. e6 fxe6 44. Kxg6 Rc3 45. h5 Rg3+ 46. Kf6 Rh3
47. Kg6 b3 48. Re1 b2 0-1

[Event "Monarch Assurance Isle of Man 9th"]
[Site "Port Erin IOM"]
[Date "2000.10.22"]
[Round "9.8"]
[White "Ward, Chris"]
[Black "Marusenko, Petr"]
[Result "0-1"]
[WhiteElo "2510"]
[BlackElo "2327"]
[PlyCount "80"]
[EventDate "2000.10.14"]
[EventType "swiss"]
[EventRounds "9"]
[EventCountry "IOM"]
[SourceTitle "BritBase"]
[SourceDate "2008.07.14"]
[SourceVersion "1"]
[SourceVersionDate "2008.07.14"]
[SourceQuality "2"]

1. d4 Nf6 2. Bg5 e6 3. e4 h6 4. Bxf6 Qxf6 5. c3 d5 6. e5 Qd8 7. Nd2 c5 8. dxc5
Bxc5 9. Nb3 Bb6 10. Nf3 Nc6 11. Bd3 Bd7 12. Qe2 Qe7 13. O-O g5 14. Nfd4 h5 15.
Nb5 O-O-O 16. a4 a5 17. Nd6+ Kb8 18. Ba6 Bc8 19. Bb5 Rxd6 20. exd6 Qxd6 21. c4
Bc7 22. g3 Qb4 23. Bxc6 Qxb3 24. Bb5 d4 25. Qd2 Qf3 26. Qxd4 e5 27. Qd5 Qf6 28.
c5 h4 29. Ra3 Qh6 30. Qd2 e4 31. Re1 Bg4 32. Rxe4 Rd8 33. Rd3 Rxd3 34. Qxd3
hxg3 35. fxg3 Bh3 36. Bd7 g4 37. Qe3 Qf6 38. Qf2 Qg5 39. c6 Bb6 40. Re8+ Ka7
0-1

[Event "Monarch Assurance Isle of Man 9th"]
[Site "Port Erin IOM"]
[Date "2000.10.22"]
[Round "9.9"]
[White "Gormally, Daniel W"]
[Black "Goodger, Martyn"]
[Result "1-0"]
[WhiteElo "2499"]
[BlackElo "2148"]
[PlyCount "91"]
[EventDate "2000.10.14"]
[EventType "swiss"]
[EventRounds "9"]
[EventCountry "IOM"]
[SourceTitle "BritBase"]
[SourceDate "2008.07.14"]
[SourceVersion "1"]
[SourceVersionDate "2008.07.14"]
[SourceQuality "2"]

1. d4 f5 2. g3 Nf6 3. Bg2 g6 4. Nf3 Bg7 5. O-O O-O 6. c4 d6 7. Nc3 Qe8 8. d5 a5
9. Nd4 Na6 10. Rb1 Bd7 11. b3 h6 12. e4 fxe4 13. Nxe4 Nxe4 14. Bxe4 Nc5 15. Bg2
Bf5 16. Nxf5 Rxf5 17. Be3 Nd7 18. Bh3 Rf8 19. Qc2 Kh8 20. Bxd7 Qxd7 21. Qxg6
Rf6 22. Qh5 Kh7 23. Bd4 Rf5 24. Qg4 Rg8 25. Bxg7 Rxg7 26. Qe4 Kh8 27. Rbe1 Rfg5
28. Re3 Qh3 29. Rfe1 Re5 30. Qf3 Rxe3 31. Rxe3 Kg8 32. Qe2 Kf8 33. Qd2 b6 34.
Re6 h5 35. Re4 Ke8 36. Qh6 Qf5 37. Qxg7 Qxe4 38. Qh8+ Kd7 39. Qxh5 Qb1+ 40. Kg2
Qxa2 41. Qf5+ Kd8 42. h4 Qxb3 43. h5 Ke8 44. h6 Qc3 45. Qc8+ Kf7 46. h7 1-0

[Event "Monarch Assurance Isle of Man 9th"]
[Site "Port Erin IOM"]
[Date "2000.10.22"]
[Round "9.10"]
[White "Arkell, Keith"]
[Black "Rayner, Francis"]
[Result "1-0"]
[WhiteElo "2481"]
[BlackElo "2256"]
[PlyCount "117"]
[EventDate "2000.10.14"]
[EventType "swiss"]
[EventRounds "9"]
[EventCountry "IOM"]
[SourceTitle "BritBase"]
[SourceDate "2008.07.14"]
[SourceVersion "1"]
[SourceVersionDate "2008.07.14"]
[SourceQuality "2"]

1. d4 Nf6 2. Nf3 e6 3. c4 b6 4. g3 Bb7 5. Bg2 Bb4+ 6. Bd2 Be7 7. Nc3 O-O 8. O-O
d5 9. Ne5 Na6 10. cxd5 exd5 11. Rc1 c5 12. Be3 Nc7 13. dxc5 bxc5 14. Na4 Re8
15. Bxc5 Ne6 16. Bxe7 Qxe7 17. Nd3 Ne4 18. e3 Rac8 19. Nc3 Nxc3 20. bxc3 Ba6
21. Re1 Bc4 22. Nb4 Qc5 23. Qa4 a5 24. Nc2 Qc7 25. Qa3 Nc5 26. Red1 Nd3 27. Rb1
Qe5 28. Rd2 Rb8 29. Rbd1 Nb2 30. Ra1 Nd3 31. Nd4 Qg5 32. Nf3 Qf6 33. Rad1 Rb6
34. Ne1 Nxe1 35. Rxe1 Rb5 36. Red1 Qe5 37. Rd4 f5 38. Rxc4 dxc4 39. Bc6 Reb8
40. Bxb5 Qxb5 41. Qe7 Qc6 42. Qe5 Rb5 43. Qe7 h6 44. Qd8+ Kh7 45. a4 Re5 46.
Qd7 Qf3 47. Qd4 Re7 48. Qd5 Re4 49. Rd4 h5 50. Qxc4 h4 51. Qf1 Rg4 52. Qh3 Kg6
53. Qg2 Qe2 54. Rxg4+ fxg4 55. Qc6+ Kh5 56. Qd5+ g5 57. gxh4 Kxh4 58. Qf5 Qd1+
59. Kg2 1-0

[Event "Monarch Assurance Isle of Man 9th"]
[Site "Port Erin IOM"]
[Date "2000.10.22"]
[Round "9.11"]
[White "Kosteniuk, Alexandra"]
[Black "Garces, Diego"]
[Result "1-0"]
[WhiteElo "2398"]
[BlackElo "2154"]
[PlyCount "67"]
[EventDate "2000.10.14"]
[EventType "swiss"]
[EventRounds "9"]
[EventCountry "IOM"]
[SourceTitle "BritBase"]
[SourceDate "2008.07.14"]
[SourceVersion "1"]
[SourceVersionDate "2008.07.14"]
[SourceQuality "2"]

1. e4 c6 2. d4 d5 3. e5 g6 4. b3 h5 5. Bd3 Na6 6. a3 Nh6 7. Ne2 Nc7 8. Nd2 Bf5
9. Nf1 e6 10. Ne3 Bxd3 11. Qxd3 c5 12. Bb2 b5 13. dxc5 Bxc5 14. Bd4 Qe7 15. a4
b4 16. O-O O-O 17. Rac1 Rac8 18. c3 Na8 19. cxb4 Bxb4 20. Qa6 Bc5 21. b4 Bxd4
22. Rxc8 Bxe5 23. Rxf8+ Kxf8 24. Qc8+ Qe8 25. Rc1 Nb6 26. Qc5+ Qe7 27. a5 Bd6
28. Qc6 Nc4 29. Nxc4 dxc4 30. b5 Kg7 31. Qxc4 Ng4 32. h3 Bh2+ 33. Kf1 Qh4 34.
hxg4 1-0

[Event "Monarch Assurance Isle of Man 9th"]
[Site "Port Erin IOM"]
[Date "2000.10.22"]
[Round "9.12"]
[White "Clark, Stephen P"]
[Black "Jackson, Adrian"]
[Result "0-1"]
[WhiteElo "2133"]
[BlackElo "2207"]
[PlyCount "58"]
[EventDate "2000.10.14"]
[EventType "swiss"]
[EventRounds "9"]
[EventCountry "IOM"]
[SourceTitle "BritBase"]
[SourceDate "2008.07.14"]
[SourceVersion "1"]
[SourceVersionDate "2008.07.14"]
[SourceQuality "2"]

1. d4 Nf6 2. Nf3 e6 3. Bf4 c5 4. e3 Be7 5. h3 O-O 6. Nbd2 cxd4 7. exd4 b6 8. c3
Bb7 9. Bd3 d6 10. O-O Nc6 11. Qe2 Re8 12. Rfe1 e5 13. dxe5 dxe5 14. Bh2 Bd6 15.
Rad1 Bc7 16. Ne4 Qe7 17. Nfg5 Nxe4 18. Nxe4 Rad8 19. Qh5 g6 20. Qh6 f6 21. f4
exf4 22. Bxf4 Ne5 23. Bc2 Rxd1 24. Rxd1 Nf7 25. Qh4 Bxe4 26. Re1 f5 27. Qxe7
Rxe7 28. Bxc7 Rxc7 29. Bxe4 Re7 0-1

[Event "Monarch Assurance Isle of Man 9th"]
[Site "Port Erin IOM"]
[Date "2000.10.22"]
[Round "9.13"]
[White "Hill, David F"]
[Black "Peters, Stephen"]
[Result "1-0"]
[WhiteElo "1992"]
[BlackElo "2157"]
[PlyCount "51"]
[EventDate "2000.10.14"]
[EventType "swiss"]
[EventRounds "9"]
[EventCountry "IOM"]
[SourceTitle "BritBase"]
[SourceDate "2008.07.14"]
[SourceVersion "1"]
[SourceVersionDate "2008.07.14"]
[SourceQuality "2"]

1. e4 c5 2. Nf3 Nc6 3. Nc3 d6 4. Bc4 g6 5. d4 cxd4 6. Nxd4 Bg7 7. Be3 Nf6 8. f3
O-O 9. Qd2 Bd7 10. h4 Rc8 11. Bb3 Na5 12. h5 Nc4 13. Bxc4 Rxc4 14. O-O-O Qa5
15. Nb3 Qa6 16. Bh6 Rxc3 17. Bxg7 Rxc2+ 18. Kxc2 Kxg7 19. Kb1 Be6 20. hxg6 fxg6
21. g4 Rc8 22. Qh6+ Kg8 23. g5 Bxb3 24. axb3 Nh5 25. Rxh5 Rc1+ 26. Kxc1 1-0

[Event "Monarch Assurance Isle of Man 9th"]
[Site "Port Erin IOM"]
[Date "2000.10.22"]
[Round "9.14"]
[White "Allen, Keith"]
[Black "Rattray, Ross"]
[Result "1-0"]
[WhiteElo "2250"]
[BlackElo "2109"]
[PlyCount "149"]
[EventDate "2000.10.14"]
[EventType "swiss"]
[EventRounds "9"]
[EventCountry "IOM"]
[SourceTitle "BritBase"]
[SourceDate "2008.07.14"]
[SourceVersion "1"]
[SourceVersionDate "2008.07.14"]
[SourceQuality "2"]

1. d4 d5 2. c4 c6 3. Nf3 Nf6 4. e3 e6 5. Nc3 Nbd7 6. Qc2 Bd6 7. Bd3 h6 8. Bd2
dxc4 9. Bxc4 e5 10. O-O-O Qc7 11. dxe5 Nxe5 12. Nxe5 Bxe5 13. Rhf1 b5 14. Bb3
Bg4 15. Rde1 O-O-O 16. f4 Bd6 17. e4 Nd7 18. e5 Bb4 19. Bxf7 Nc5 20. Bg6 Qa5
21. e6 Bxe6 22. Rxe6 Nxe6 23. Qf5 Rxd2 24. Qxe6+ Rd7 25. Rd1 Qc7 26. Be8 Rxe8
27. Qxe8+ Qd8 28. Re1 Bxc3 29. Qxd8+ Rxd8 30. bxc3 Rd7 31. Re6 Kc7 32. Rg6 Rf7
33. g3 Rd7 34. f5 Rf7 35. g4 Kb6 36. Rd6 Kc5 37. Rd4 a5 38. a3 Re7 39. Kd2 Rf7
40. Ke3 Rf6 41. Rd7 Kc4 42. Rxg7 c5 43. Rg6 Rf8 44. Rb6 Re8+ 45. Kf2 Re4 46. h3
a4 47. Kf3 Re1 48. Kf4 Kxc3 49. Rxb5 c4 50. Rb6 Kd2 51. Rxh6 Rf1+ 52. Ke4 Re1+
53. Kd5 c3 54. Rc6 c2 55. f6 c1=Q 56. Rxc1 Kxc1 57. g5 Rd1+ 58. Ke6 Re1+ 59.
Kd5 Rd1+ 60. Ke6 Re1+ 61. Kf5 Rf1+ 62. Ke5 Re1+ 63. Kd4 Rf1 64. Ke5 Re1+ 65.
Kd6 Rf1 66. Ke7 Re1+ 67. Kf7 Re3 68. g6 Rxa3 69. g7 Rc3 70. g8=Q a3 71. Ke7 Kb2
72. Qb8+ Kc2 73. Qa7 Kb1 74. f7 a2 75. f8=Q 1-0

[Event "Monarch Assurance Isle of Man 9th"]
[Site "Port Erin IOM"]
[Date "2000.10.22"]
[Round "9.15"]
[White "Fraser-Mitchell, Jeremy"]
[Black "Reinemer, Frank"]
[Result "0-1"]
[WhiteElo "2113"]
[BlackElo "2186"]
[PlyCount "60"]
[EventDate "2000.10.14"]
[EventType "swiss"]
[EventRounds "9"]
[EventCountry "IOM"]
[SourceTitle "BritBase"]
[SourceDate "2008.07.14"]
[SourceVersion "1"]
[SourceVersionDate "2008.07.14"]
[SourceQuality "2"]

1. d4 c5 2. d5 e6 3. c4 exd5 4. cxd5 Bd6 5. Nc3 Bc7 6. e4 d6 7. Nf3 Nf6 8. Be2
O-O 9. O-O Re8 10. Bg5 h6 11. Bh4 g5 12. Nxg5 hxg5 13. Bxg5 Nbd7 14. f4 Ba5 15.
Bd3 c4 16. Bxc4 Qb6+ 17. Kh1 Bxc3 18. bxc3 Nxe4 19. Qe1 Ndc5 20. Qh4 Qb2 21.
Rab1 Qxc3 22. Bb5 Bd7 23. Bxd7 Nxd7 24. Qg4 Nxg5 25. Qxg5+ Qg7 26. Qf5 Re2 27.
Qh3 Nc5 28. f5 Rae8 29. f6 Qg6 30. Rb4 Nd3 0-1

[Event "Monarch Assurance Isle of Man 9th"]
[Site "Port Erin IOM"]
[Date "2000.10.22"]
[Round "9.16"]
[White "Yurenok, Maria"]
[Black "Spanton, Tim"]
[Result "1-0"]
[WhiteElo "2058"]
[BlackElo "2081"]
[PlyCount "115"]
[EventDate "2000.10.14"]
[EventType "swiss"]
[EventRounds "9"]
[EventCountry "IOM"]
[SourceTitle "BritBase"]
[SourceDate "2008.07.14"]
[SourceVersion "1"]
[SourceVersionDate "2008.07.14"]
[SourceQuality "2"]

1. d4 Nf6 2. c4 e6 3. Nc3 d5 4. cxd5 exd5 5. Bg5 c6 6. Qc2 Na6 7. a3 Nc7 8. e3
Be7 9. Bd3 Ne6 10. Bh4 g6 11. Nf3 Ng7 12. O-O O-O 13. b4 a6 14. Rab1 Bf5 15.
Bxf6 Bxd3 16. Qxd3 Bxf6 17. a4 Nf5 18. Nd2 Qd7 19. Nb3 Nh4 20. Ne2 Qf5 21. Qxf5
Nxf5 22. Nc5 Be7 23. Nxb7 Rfb8 24. Nc5 Bxc5 25. bxc5 a5 26. Nf4 Kf8 27. Nd3 f6
28. Rb6 Rxb6 29. cxb6 Rb8 30. Rb1 Nd6 31. Nc5 Ke7 32. b7 Kd8 33. Kf1 Ke7 34.
Ke1 Kd8 35. Ne6+ Ke7 36. Nc5 Kd8 37. f3 f5 38. Kd2 Ke7 39. Kd3 h6 40. Rb6 Kd8
41. Rxc6 Nxb7 42. Rxg6 Nxc5+ 43. dxc5 Rb3+ 44. Kd4 Rb4+ 45. Kxd5 Rxa4 46. Rxh6
Ra2 47. g4 fxg4 48. fxg4 Rd2+ 49. Kc4 a4 50. Kb4 Ra2 51. h3 a3 52. e4 Ra1 53.
Rd6+ Kc7 54. Rd3 a2 55. Ka3 Kc6 56. Rc3 Re1 57. Kxa2 Rxe4 58. Kb3 1-0

[Event "Monarch Assurance Isle of Man 9th"]
[Site "Port Erin IOM"]
[Date "2000.10.22"]
[Round "9.17"]
[White "Ellison, D George"]
[Black "Hickman, John"]
[Result "1-0"]
[WhiteElo "2100"]
[BlackElo "2121"]
[PlyCount "117"]
[EventDate "2000.10.14"]
[EventType "swiss"]
[EventRounds "9"]
[EventCountry "IOM"]
[SourceTitle "BritBase"]
[SourceDate "2008.07.14"]
[SourceVersion "1"]
[SourceVersionDate "2008.07.14"]
[SourceQuality "2"]

1. e4 d6 2. d4 Nf6 3. Nc3 c6 4. f4 Qa5 5. e5 Ne4 6. Qf3 d5 7. Bd3 Na6 8. Nge2
Nb4 9. O-O Nxc3 10. bxc3 Nxd3 11. cxd3 g6 12. a4 h5 13. Qe3 Bf5 14. Ba3 e6 15.
Bxf8 Kxf8 16. Rfb1 Qa6 17. Rd1 Kg7 18. Nc1 b6 19. Nb3 Rhb8 20. g3 Kf8 21. Rd2
Ke7 22. Kg2 h4 23. Qf3 hxg3 24. hxg3 g5 25. g4 Bh7 26. f5 Rf8 27. Rf2 Rae8 28.
Qh3 Rh8 29. Qf3 Rhf8 30. Qe3 Kd7 31. Rh1 Bg8 32. a5 Kc7 33. axb6+ axb6 34. Ra1
Qb7 35. Qxg5 exf5 36. gxf5 Bh7 37. Qf6 Rd8 38. Qe7+ Kc8 39. Qa3 Kc7 40. Qe7+
Kc8 41. Qb4 c5 42. Nxc5 bxc5 43. Qxc5+ Kb8 44. Raa2 Rg8+ 45. Kf3 Bxf5 46. Rfb2
Bg4+ 47. Ke3 Bc8 48. Rxb7+ Bxb7 49. Rf2 Rg3+ 50. Rf3 Rxf3+ 51. Kxf3 Rd7 52. Kf4
Ba6 53. Qb6+ Bb7 54. c4 Kc8 55. c5 Rc7 56. Qd6 Bc6 57. Kg5 Kb7 58. Kf6 Rd7 59.
Qxd7+ 1-0

[Event "Monarch Assurance Isle of Man 9th"]
[Site "Port Erin IOM"]
[Date "2000.10.22"]
[Round "9.18"]
[White "Shepherd, Michael"]
[Black "Benson, Paul"]
[Result "1-0"]
[WhiteElo "2035"]
[BlackElo "2011"]
[PlyCount "45"]
[EventDate "2000.10.14"]
[EventType "swiss"]
[EventRounds "9"]
[EventCountry "IOM"]
[SourceTitle "BritBase"]
[SourceDate "2008.07.14"]
[SourceVersion "1"]
[SourceVersionDate "2008.07.14"]
[SourceQuality "2"]

1. d4 f5 2. g3 Nf6 3. Bg2 g6 4. c3 c6 5. Nf3 Bg7 6. O-O d6 7. Nbd2 Nbd7 8. e4
Nxe4 9. Nxe4 fxe4 10. Ng5 Nf6 11. Nxe4 Nxe4 12. Bxe4 O-O 13. Bg5 Qc7 14. Re1 e5
15. dxe5 Bxe5 16. Bh6 Re8 17. f4 Bg7 18. Bd5+ Kf8 19. Qd4 cxd5 20. Qf6+ Qf7 21.
Rxe8+ Kxe8 22. Re1+ Kf8 23. Qd8+ 1-0

[Event "Monarch Assurance Isle of Man 9th"]
[Site "Port Erin IOM"]
[Date "2000.10.22"]
[Round "9.19"]
[White "Hughes, Andrew"]
[Black "Van Kemenade, Rudy"]
[Result "1-0"]
[WhiteElo "2043"]
[BlackElo "2080"]
[PlyCount "77"]
[EventDate "2000.10.14"]
[EventType "swiss"]
[EventRounds "9"]
[EventCountry "IOM"]
[SourceTitle "BritBase"]
[SourceDate "2008.07.14"]
[SourceVersion "1"]
[SourceVersionDate "2008.07.14"]
[SourceQuality "2"]

1. e4 e5 2. Bc4 Nf6 3. d3 Nc6 4. f4 Bb4+ 5. c3 Bc5 6. Nf3 d6 7. fxe5 Nxe5 8.
Bb3 Nxf3+ 9. Qxf3 Bg4 10. Qg3 Qe7 11. Nd2 Qe5 12. Nf1 Qxg3+ 13. Nxg3 Be6 14. d4
Bb6 15. Bg5 Ng8 16. O-O-O h6 17. Bf4 O-O-O 18. Rhf1 Ne7 19. h3 h5 20. Bxe6+
fxe6 21. Bg5 Rd7 22. Rf7 h4 23. Rxg7 Nc6 24. Rxd7 Kxd7 25. Ne2 Rg8 26. Bxh4
Rxg2 27. Nf4 Rg8 28. Bf6 e5 29. Nh5 exd4 30. cxd4 Rg6 31. e5 Rh6 32. Ng7 Kc8
33. Nf5 Rxh3 34. e6 Nxd4 35. Nxd4 Rh6 36. Rg1 c6 37. Rg8+ Kc7 38. Bd8+ Kc8 39.
Bxb6# 1-0

[Event "Monarch Assurance Isle of Man 9th"]
[Site "Port Erin IOM"]
[Date "2000.10.22"]
[Round "9.20"]
[White "Johnson, Paul A"]
[Black "McLeod, Fraser"]
[Result "0-1"]
[WhiteElo "1728"]
[BlackElo "2132"]
[PlyCount "46"]
[EventDate "2000.10.14"]
[EventType "swiss"]
[EventRounds "9"]
[EventCountry "IOM"]
[SourceTitle "BritBase"]
[SourceDate "2008.07.14"]
[SourceVersion "1"]
[SourceVersionDate "2008.07.14"]
[SourceQuality "2"]

1. d4 Nf6 2. c4 e5 3. dxe5 Ng4 4. Bf4 Nc6 5. Nf3 Bb4+ 6. Nbd2 Qe7 7. a3 Ngxe5
8. Nxe5 Nxe5 9. Bxe5 Bxd2+ 10. Qxd2 Qxe5 11. e3 b6 12. Qd5 Qxb2 13. Qxa8 Qxa1+
14. Kd2 Qb2+ 15. Ke1 O-O 16. Qxa7 Qc1+ 17. Ke2 Qxc4+ 18. Kd2 Qd5+ 19. Kc1 Bb7
20. Qa4 Ra8 21. Qb4 Ra5 22. f3 Rc5+ 23. Kb2 Qd1 0-1

[Event "Monarch Assurance Isle of Man 9th"]
[Site "Port Erin IOM"]
[Date "2000.10.22"]
[Round "9.21"]
[White "Sedgwick, David"]
[Black "Schulz, Joerg"]
[Result "1-0"]
[WhiteElo "2091"]
[BlackElo "1600"]
[PlyCount "47"]
[EventDate "2000.10.14"]
[EventType "swiss"]
[EventRounds "9"]
[EventCountry "IOM"]
[SourceTitle "BritBase"]
[SourceDate "2008.07.14"]
[SourceVersion "1"]
[SourceVersionDate "2008.07.14"]
[SourceQuality "2"]

1. e4 c5 2. c3 d6 3. d4 Nf6 4. dxc5 Nxe4 5. Qa4+ Nc6 6. Qxe4 dxc5 7. Nf3 Bd7 8.
Bc4 e6 9. Bg5 Qb6 10. b3 Bd6 11. O-O Qc7 12. Nbd2 a6 13. a4 Rb8 14. Qe2 Na5 15.
Ne4 Bf4 16. Bxf4 Qxf4 17. Rfd1 Qc7 18. Nd6+ Kf8 19. Ne5 Nxc4 20. Qxc4 Ke7 21.
Ndxf7 Rbd8 22. Nxd8 Qxe5 23. Rxd7+ Kxd7 24. Nf7 1-0